000 00292nam a2200121Ia 4500
008 190216s9999||||xx |||||||||||||| ||und||
100 _aDr.B B S Kapoor
245 0 _aHindi-Payovarniy Njanagosh
260 _bNidhi Sahithya Sahithya Pusthak
300 _a136
650 _aHindi
942 _cBK
999 _c16685
_d16685